000 00585cam a22002053a 4500
001 43242
003 PGUSA
005 20140828084001.0
008 130717s2013||||xxu|||||s|||||000 | eng d
040 _aPGUSA
_beng
042 _adc
100 1 _aMitchell, S. Weir
_q(Silas Weir),
_d1829-1914
245 1 2 _aA Madeira Party
_h[electronic resource] /
_cS. Weir Mitchell
260 _bProject Gutenberg,
_c2013
506 _aPublic domain in the USA.
516 _aElectronic text
830 0 _aProject Gutenberg
_v43242
856 4 0 _uhttp://www.gutenberg.org/ebooks/43242
942 _cEB
999 _c272493
_d272493